| 000 | 00610nam a2200229Ia 4500 | ||
|---|---|---|---|
| 003 | OSt | ||
| 005 | 20220924144739.0 | ||
| 006 | a|||||r|||| 00| 0 | ||
| 007 | ta | ||
| 008 | 220923b |||||||| |||| 00| 0 urd d | ||
| 024 | _a320382 | ||
| 037 | _cTextual | ||
| 040 |
_aARTS _cARTS _burd |
||
| 041 |
_2urd _aurd |
||
| 082 | _aP168,J4:4k, G1 | ||
| 100 |
_aSahay Lala Raghu Nath Au. _9218318 |
||
| 245 | 0 | _aGuldasta-e-Muhawrat | |
| 260 | _c1931 | ||
| 650 | _aURDU LANGUAGE - DICTIONARIES | ||
| 942 |
_hP168,J4:4k, G1 _cTEXL _2CC |
||
| 999 |
_c458137 _d458137 |
||